Fundamentos de la libertad : (Record no. 1110)

000 -CABECERA
fixed length control field 01120nam a22002657a 4500
003 - IDENTIFICADOR DEL NÚMERO DE CONTROL
control field AR-CdUCM
008 - DATOS DE LONGITUD FIJA--INFORMACIÓN GENERAL
fixed length control field 190226b ||||| |||| 00| 0 spa d
040 ## - FUENTE DE LA CATALOGACIÓN
Agencia/entidad que catalogó originalmente la obra MUNICIPALIDAD PROVINCIAL DEL CUSCO
Entidad que transcribió la catalogación BIBLIOTECA MUNICIPAL DEL CUSCO
082 ## - NÚMERO DE LA CLASIFICACIÓN DECIMAL DEWEY
No. de Clasificación 323.44 /
Notacion interna SA24
100 ## - ENTRADA PRINCIPAL--NOMBRE DE PERSONA
Nombre Personal Sandifer, Durward V.
245 ## - MENCIÓN DE TÍTULO
Título Fundamentos de la libertad :
Resto del título relaciones entre la Democracia y los derechos humanos /
260 ## - PUBLICACIÓN, DISTRIBUCIÓN, ETC.
Lugar de publicación, distribución, etc. México D. F. :
Nombre de la editorial, distribuidor, etc. UTEHA,
Fecha de publicación, distribución, etc. 1967.
300 ## - DESCRIPCIÓN FÍSICA
Nº de Páginas Extensión 165, 11 páginas ;
Dimensiones 17 cm.
440 ## - MENCIÓN DE SERIE/PUNTO DE ACCESO ADICIONAL--TÍTULO
Título Manuales UTEHA.
Número de la parte/sección de una obra número 346
-- sección 14 Ciencias Sociales
9 (RLIN) 4343
505 ## - NOTA DE CONTENIDO CON FORMATO
Nota de contenido formateada Contenido: Una experiencia universal -- Conceptos fundamentales -- Definición de la democracia representativa y de los derechos humanos -- La relación entre democracia y derechos humanos -- La relación entre democracia ...
650 ## - PUNTO DE ACCESO ADICIONAL DE MATERIA--TÉRMINO DE MATERIA
Descriptor Democracia
9 (RLIN) 2598
650 ## - PUNTO DE ACCESO ADICIONAL DE MATERIA--TÉRMINO DE MATERIA
Descriptor Derechos humanos
9 (RLIN) 3264
650 ## - PUNTO DE ACCESO ADICIONAL DE MATERIA--TÉRMINO DE MATERIA
Descriptor Política
9 (RLIN) 291
700 ## - PUNTO DE ACCESO ADICIONAL--NOMBRE DE PERSONA
Nombre Personal Scheman, L. Ronald (coautor)
9 (RLIN) 4344
700 ## - PUNTO DE ACCESO ADICIONAL--NOMBRE DE PERSONA
Nombre Personal Mora, Jose A. (prólogo)
9 (RLIN) 4345
700 ## - PUNTO DE ACCESO ADICIONAL--NOMBRE DE PERSONA
Nombre Personal Ortuño, Manuel (traductor)
9 (RLIN) 4346
942 ## - ELEMENTOS DE PUNTO DE ACCESO ADICIONAL (KOHA)
Fuente de clasificación
Tipo de item Libros-BMC
945 ## - PROCESAMIENTO DE INFORMACIÓN LOCAL (OCLC)
Catalogador achl
Holdings
Estado de retiro (separado) Fuente de clasificación o esquema de estanterías Estado dañado Ubicación Sala donde se ubica Nombre de la colección Fecha de adquisición o compra Costo, precio normal en soles Signatura topográfica Código de Barras Última vez visto (Koha) Tipo de ítem (Koha) Número de Ejemplar
No     Sala Humanidades Sala Humanidades Book Cart 2019-02-26 20.00 323.44 / SA24 SH0000001078 2019-02-26 Libros-BMC  
No     Sala Humanidades Sala Humanidades Book Cart 2019-03-20 20.00 323.44 / SA24 / e.2 SH0000007107 2019-03-20 Libros-BMC e.2

Powered by Koha